000 01864nam a2200253Ia 4500
008 260220t1980||||xx |||||||||||||| ||spa||
040 _aPY-SlUNAC
_bspa
_erda
041 _aspa
082 _a658.5
_bB863d
100 _aBuffa, Elwod S.
_eAutor
245 0 _aDirección técnica y administración de la producción :
_bcurso de operaciones de control /
_cpor Elwod S. Buffa [Autor]
264 _aCiudad de México :
_bLimusa,
_c℗1980.
300 _a1 volumen
490 _a
_vnúmero 1
520 _aEl libro "Dirección técnica y administración de la producción" de Elwood S. Buffa es una obra fundamental que aborda los principios y prácticas de la gestión de operaciones y producción en el contexto empresarial. A lo largo de sus capítulos, el autor examina los métodos de planificación, organización y control necesarios para optimizar la eficiencia en la producción. Se analizan conceptos clave como la programación de operaciones, el manejo de inventarios y la mejora continua de procesos, enfatizando la importancia de la toma de decisiones informadas y el uso de herramientas cuantitativas. Buffa también destaca el papel del liderazgo en la dirección de equipos y la creación de un ambiente de trabajo que fomente la innovación y la productividad. Al integrar teoría y práctica, el texto proporciona un enfoque comprensivo que beneficia tanto a estudiantes como a profesionales en el ámbito de la administración industrial, ofreciendo estrategias aplicables para enfrentar los desafíos contemporáneos en la gestión de operaciones.
653 _aAdministración empresarial
653 _aDirección de empresas
653 _aGestión de la producción
942 _b2026/02/17
_cBK
999 _c8793
_d8793